书目信息 |
| 题名: |
茶话·建筑
|
|
| 作者: | ;建筑创作杂志社 策划主编 | |
| 分册: | ||
| 出版信息: | 北京 中国建筑工业出版社 2006 |
|
| 页数: | 263页 | |
| 开本: | 19X21cm | |
| 丛书名: | 《建筑创作》评论系列 | |
| 单 册: | ||
| 中图分类: | TU-80 | |
| 科图分类: | ||
| 主题词: | 建筑--文化--文集 | |
| 电子资源: | ||
| ISBN: | 7-112-07872-5 | |
| 000 | 00910oam2 2200265 450 | |
| 001 | 1548988145 | |
| 005 | 20150118143716.56 | |
| 010 | @a7-112-07872-5@dCNY38.00 | |
| 100 | @a20060111d2006 em y0chiy50 ea | |
| 101 | 0 | @achi |
| 102 | @aCN@b110000 | |
| 105 | @aa z 000yy | |
| 200 | 1 | @a茶话·建筑@9cha hua · jian zhu@f《建筑创作》杂志社策划主编 |
| 210 | @a北京@c中国建筑工业出版社@d2006 | |
| 215 | @a263页@c图@d19X21cm | |
| 225 | 1 | @a《建筑创作》评论系列@v1 |
| 225 | 2 | @a茶话·建筑系列丛书 |
| 330 | @a本书作者的用意是要千方百计使建筑学术、建筑作品、建筑师思想以公众为先,从根本上扩大建筑文化传播的市场,让建筑批评走进万户千家。 | |
| 461 | 0 | @12001 @a《建筑创作》评论系列 |
| 461 | 0 | @12001 @a茶话·建筑系列丛书 |
| 606 | 0 | @a建筑@x文化@j文集 |
| 690 | @aTU-80@v5 | |
| 711 | 02 | @a建筑创作杂志社@9jian zhu chuang zuo za zhi she@4策划主编 |
| 801 | 0 | @aCN@bTSSF@c20150118 |
| 905 | @aZUCC@dTU-80@eJY2 | |
| 茶话·建筑/《建筑创作》杂志社策划主编.-北京:中国建筑工业出版社,2006 |
| 263页:图;19X21cm.-(《建筑创作》评论系列;1).-(茶话·建筑系列丛书) |
| ISBN 7-112-07872-5:CNY38.00 |
| 本书作者的用意是要千方百计使建筑学术、建筑作品、建筑师思想以公众为先,从根本上扩大建筑文化传播的市场,让建筑批评走进万户千家。 |
| ● |
| 相关链接 |
|
|
|
|
正题名:茶话·建筑
索取号:TU-80/JY2
 
预约/预借
| 序号 | 登录号 | 条形码 | 馆藏地/架位号 | 状态 | 备注 |
| 1 | 7849054 | 278490544 | 学院路分馆/ [索取号:TU-80/JY2] | 在馆 | |
| 2 | 7849055 | 278490553 | 学院路分馆/ [索取号:TU-80/JY2] | 在馆 |